000 00500nam a2200157Ia 4500
999 _c12014
_d12014
082 _aTG.0252
100 _aGurdev Singh
245 0 _aConstruction and standardization of volleyball skill tests for men players
260 _c1990
_bPunjabi University
300 _a171p. + C D - 34
650 _aATHLETIC ABILITY - TESTING///VOLLEYBALL - ABILITY TESTING
650 _aSPORTS///VOLLEYBALL - ABILITY TESTING
650 _aVOLLEYBALL - ABILITY TESTING
710 _aKamlesh, M.L.
942 _cTH
_2ddc